Derwent biotechnology abstracts July 1982 - March 1996
Tallennettuna:
| Aineistotyyppi: | Kirja |
|---|---|
| Kieli: | Undetermined |
| Julkaistu: |
London
Derwent Publications
1996
|
| Aiheet: | |
| Tagit: |
Lisää tagi
Ei tageja, Lisää ensimmäinen tagi!
|
| Thư viện lưu trữ: | Trung tâm Học liệu Trường Đại học Cần Thơ |
|---|
| LEADER | 00477nam a2200169Ia 4500 | ||
|---|---|---|---|
| 001 | CTU_237741 | ||
| 008 | 210402s9999 xx 000 0 und d | ||
| 082 | |a 660.605 | ||
| 082 | |b D439 | ||
| 245 | 0 | |a Derwent biotechnology abstracts | |
| 245 | 0 | |b July 1982 - March 1996 | |
| 260 | |a London | ||
| 260 | |b Derwent Publications | ||
| 260 | |c 1996 | ||
| 650 | |a Công nghệ sinh học,Biotechnology | ||
| 910 | |b nthai | ||
| 980 | |a Trung tâm Học liệu Trường Đại học Cần Thơ | ||